000 00318nam a22001337a 4500
008 171006b xxu||||| |||| 00| 0 eng d
020 _a9780205400287
041 _aeng
080 _a159.9
100 _a49
101 _aPSI
245 _aCHILD DEVELOPMENT PRINCIPLES AND PERSPECTIVE
_cCOOOK.G
942 _2udc
_cBK
999 _c32305
_d32305